| 000 | 03931nam a2200337 a 4500 | ||
|---|---|---|---|
| 003 | OSt | ||
| 005 | 20250708113532.0 | ||
| 007 | cr ||||||a|a|a | ||
| 008 | 250624s2025 mx a|||fom||| 001 0 spa d | ||
| 040 | _erda | ||
| 100 | 1 |
_aMedina Muela, Karla Elizama _9190507 |
|
| 245 | 1 | 0 |
_aSelección de aislados nativos de Trichoderma spp. y su actividad antagónica contra Fusarium oxysporumf. sp. cubense Raza 1 y Raza 2 en Musa spp/ _cpor Karla Elizama Medina Muela; director de tesis Oscar Morales Galván; secretario Alva Priscilia Suaste Dzul; vocal José Manuel Pineda Rios; suplente Calixto Leopoldo Carrillo Fonseca; suplente Antonio Tafoya Razo. |
| 264 | 1 |
_aChapingo, México : _bEl autor, _c2024. |
|
| 300 |
_a1 recurso en línea (79 páginas): _bcuadros, figuras. |
||
| 336 |
_2rdacontent _atexto _btxt |
||
| 337 |
_2rdamedia _acomputadora _bc |
||
| 338 |
_2rdacarrier _arecurso en línea _bcr |
||
| 502 |
_bIAEPA _cParasitología _d2024. _gLIC |
||
| 504 | _aIncluye referencias bibliográficas: páginas 65-78. | ||
| 520 | _aEl plátano (Musa spp. L.) es crucial para la economía y sociedad mundial, especialmente en México, siendo una gran fuente de empleo. Sin embargo, su producción está amenazada por la Marchitez de las musáceas, causada por el hongo Fusarium oxysporum f. sp. cubense (Foc). Las razas fisiológicas de Foc que afectan a plátanos y bananos incluyen la Raza 1, responsable de una de las epidemias más devastadoras en la década de 1950, la cual obligó al reemplazo del clon 'Gros Michel' por los clones 'Cavendish'. La Raza 2 (Foc R2) afecta principalmente a los plátanos de cocción del subgrupo Bluggoe (ABB). Actualmente, tanto Foc R1 como Foc R2 están presentes en el país, impactando diversas variedades cultivadas. La Raza 4 Tropical (Syn. Fusarium odoratissimum) se reconoce como la más destructiva, y su posible introducción agrava la situación. Una estrategia prometedora para el manejo de esta enfermedad es el uso de hongos antagonistas, como las especies del género Trichoderma spp., presentes en la rizósfera de bananos de manera adaptada y natural. El objetivo de esta investigación fue evaluar y seleccionar aislados nativos de Trichoderma spp., que provienen de la rizósfera de plátano del estado de Michoacán, con potencial antagónico contra F. oxysporum f. sp. cubense Raza 1 (Foc R1) y Raza 2 (Foc R2), dado que estas Razas están actualmente presentes en las zonas plataneras de México. Como parámetros de discriminación, se evaluaron la tasa de crecimiento y la capacidad esporulación de cada aislado nativo, así como la capacidad para inhibir el crecimiento de Foc R1 y Foc R2 mediante confrontaciones in vitro. Se seleccionaron cuatro aislados nativos de Trichoderma con altos porcentajes de inhibición: Trichoderma 25B.3 (65.25%) y 24B.3 (62.56%) contra Foc R1, mientras que para Foc R2, el aislado Trichoderma 22B.3 y 24B.3 presentaron inhibición de 68.81%; y 67.03%, respectivamente. Trichoderma aislado 25B.12 presentó la mayor capacidad de esporulación de conidios con 1.48×107 con/cm2. Estos resultados, en combinación con la selección de aislados de distintas regiones plataneras del país, proporcionan un enfoque más preciso para el manejo de la Marchitez de las musáceas causada por Foc. | ||
| 650 | 4 |
_aTrichoderma spp. como fungicida _9133923 |
|
| 650 | 4 |
_aFusarium oxysporum _xControl biológico _9131842 |
|
| 650 | 4 |
_aPlátano _x enfermedades por hongos _9164496 |
|
| 700 | 1 |
_aMorales Galván, Oscar _edirector de tesis. _978271 |
|
| 700 | 1 |
_aSuaste Dzul, Alba Priscilia _9190711 _esecretario. |
|
| 700 | 1 |
_aPineda Rios, José Manuel _988174 _evocal. |
|
| 700 | 0 |
_aCarrillo Fonseca, Calixto Leopoldo _919482 _esuplente. |
|
| 700 | 1 |
_aTafoya Razo, Antonio _esuplente. _9189427 |
|
| 856 |
_uhttp://10.13.5.2/tesis/tl/1711664-8_MEDINA_MUELA_KARLAELIZAMA.pdf _zDESCARGAR PDF |
||
| 942 |
_2Clasificación Universidad Autónoma Chapingo _cTD |
||
| 999 |
_c220677 _d220677 |
||